| 000 | 01832nam a2200265Ia 4500 | ||
|---|---|---|---|
| 999 |
_c51793 _d51793 |
||
| 001 | 18785 | ||
| 003 | GE_BSU | ||
| 005 | 20210413123119.0 | ||
| 008 | 181216s2015||||ge |||||||||||||| ||geo|| | ||
| 040 | _cGE_BSU | ||
| 041 | _ageo | ||
| 080 | _a61 ს-24 | ||
| 100 |
_aსამსეიშვილი, ნინო _911270 |
||
| 245 |
_aგესტაციის გავლენა ეპილეფსიის ზოგიერთი ფორმის განვითარებასა და მიმდინარეობაზე / _cნინო სამსეიშვილი; სამეცნიერო ხელმძღვანელები : ზაქარია ნანობაშვილი, ბესარიონ ტყეშელაშვილი; თბილისის სახ-ლო სამედიცინო უნ-ტი. |
||
| 264 |
_aთბილისი, _c2015. |
||
| 300 |
_a110 გვ. _b 30 სმ. |
||
| 504 | _aბიბლიოგრაფია: გვ. 95-106. | ||
| 653 | _aგესტაციის გავლენა ეპილეფსიის ზოგიერთი ფორმის განვითარებასა და მიმდინარეობაზე | ||
| 653 | _aდისერტაცია | ||
| 653 | _aმედიცინა | ||
| 700 |
_aნანობაშვილი, ზაქარია _eსამეცნიერო ხელმძღვანელი _911271 |
||
| 700 |
_aტყეშელაშვილი, ბესარიონ _eსამეცნიერო ხელმძღვანელი _911272 |
||
| 710 |
_aთბილისის სახელმწიფო სამედიცინო უნივერსიტეტი _911273 |
||
| 942 |
_cBK _2udc |
||